000 00859nam a22002537a 4500
003 OSt
005 20260420104230.0
008 260420b |||||||| |||| 00| 0 eng d
020 _a9780367000462
020 _a9780367000486
040 _aMMARA-U
_beng
_cMMARA-U
_dMMARA-U
050 _aRB 113 .M336 2019
100 _aMcCorry Laurie K.
_92977
245 _aEssential of Human Physiology and Pathophysiology for Pharmacy and Allied Health /
_cLaurie K. McCorry, Martin M. Zdanowicz, Cynthia Y. Gonnella.
260 _aNew York :
_bRoutledge,
_c2019.
300 _axxviii, 751 pages :
_bIllustrations ;
504 _aIncludes Index.
650 _aTissue repair.
_92978
650 _aTypes of anemia.
_92979
700 _aMcCorry Laurie K.
_92977
700 _a Zdanowicz Martin M.
_92980
700 _aGonnella Cynthia Y.
_92981
942 _2lcc
_cLOAN LOAN
999 _c33478
_d33475